|
|
|
|
| LEADER |
00000nam0a2200000 4500 |
| 001 |
266438 |
| 005 |
20231031223520.0 |
| 035 |
|
|
|a (RuTPU)RU\TPU\book\289458
|
| 090 |
|
|
|a 266438
|
| 100 |
|
|
|a 20140709d1986 km y0rusy50 ca
|
| 101 |
0 |
|
|a rus
|
| 102 |
|
|
|a RU
|
| 105 |
|
|
|a a z 001zy
|
| 200 |
1 |
|
|a Бригады нового типа
|f А. А. Прокопьев, О. А. Ливкин
|
| 210 |
|
|
|a Москва
|c Машиностроение
|d 1986
|
| 215 |
|
|
|a 80 с.
|c ил.
|
| 225 |
1 |
|
|a Шаги бригадного подряда
|
| 333 |
|
|
|a Исключено из фонда НТБ ТПУ
|
| 700 |
|
1 |
|a Прокопьев
|b А. А.
|g Алексей Анатольевич
|
| 701 |
|
1 |
|a Ливкин
|b О. А.
|g Олег Александрович
|
| 801 |
|
1 |
|a RU
|b 63413507
|c 20140709
|
| 801 |
|
2 |
|a RU
|b 63413507
|c 20220211
|g RCR
|
| 942 |
|
|
|c BK
|